Multinational financial management / (Record no. 2821)

MARC details
000 -LEADER
fixed length control field 00551cam a2200181 4500
001 - CONTROL NUMBER
control field 3480
005 - DATE AND TIME OF LATEST TRANSACTION
control field 20181127171306.0
008 - FIXED-LENGTH DATA ELEMENTS--GENERAL INFORMATION
fixed length control field 100917s2010 nyua b 001 0 eng
010 ## - LIBRARY OF CONGRESS CONTROL NUMBER
LC control number 2010483227
020 ## - INTERNATIONAL STANDARD BOOK NUMBER
International Standard Book Number 9788126536931
100 1# - MAIN ENTRY--PERSONAL NAME
Personal name Shapiro, Alan C.
245 10 - TITLE STATEMENT
Title Multinational financial management /
Statement of responsibility, etc. Alan C. Shapiro.
250 ## - EDITION STATEMENT
Edition statement 9th ed.
260 ## - PUBLICATION, DISTRIBUTION, ETC.
Place of publication, distribution, etc. New Delhi :
Name of publisher, distributor, etc. Wiley,
Date of publication, distribution, etc. 2010.
300 ## - PHYSICAL DESCRIPTION
Extent xxii, 762 p. :
Other physical details ill. ;
Dimensions 24 cm.
504 ## - BIBLIOGRAPHY, ETC. NOTE
Bibliography, etc. note Includes bibliographical references and index.
650 #0 - SUBJECT ADDED ENTRY--TOPICAL TERM
Topical term or geographic name entry element International business enterprises
General subdivision Finance.
Holdings
Withdrawn status Lost status Source of classification or shelving scheme Damaged status Not for loan Collection code Home library Current library Shelving location Date acquired Serial Enumeration / chronology Inventory number Total Checkouts Total Renewals Full call number Barcode Date last seen Date last checked out Price effective from Koha item type
    Dewey Decimal Classification     Main TEST RTC Library RTC Library Main opac 14/07/2025 5958 3 3 658.5 SHA 30006150 14/07/2025 14/07/2025 27/11/2018 Main
Royal Thimphu College || All Right Reserved